Financial Services Revolution (Record no. 43589)

MARC details
000 -LEADER
fixed length control field 00461nam a22001577a 4500
005 - DATE AND TIME OF LATEST TRANSACTION
control field 20250417094451.0
008 - FIXED-LENGTH DATA ELEMENTS--GENERAL INFORMATION
fixed length control field 250405b |||||||| |||| 00| 0 eng d
020 ## - INTERNATIONAL STANDARD BOOK NUMBER
International Standard Book Number 9781988025490
082 ## - DEWEY DECIMAL CLASSIFICATION NUMBER
Classification number 346.73 TAP
100 ## - MAIN ENTRY--PERSONAL NAME
Author Tapscott, Alex
245 ## - TITLE STATEMENT
Title Financial Services Revolution
260 ## - PUBLICATION, DISTRIBUTION, ETC.
Place Canada
Publisher Barlow Publishing
Publication Year 2020
300 ## - PHYSICAL DESCRIPTION
Extent 356;. pages 23 cm
650 ## - SUBJECT ADDED ENTRY--TOPICAL TERM
Subject Financial Services Industry; Banking law; Insurance law; Mutual Funds
942 ## - ADDED ENTRY ELEMENTS (KOHA)
Koha item type Books
Holdings
Withdrawn status Lost status Source of classification or shelving scheme Damaged status Not for loan Home library Current library Shelving location Accession Date Vendor Price Bill number Total Checkouts Full call number Barcode No Date last seen Date last checked out Discount Bill Date Koha item type Suggested By
    Dewey Decimal Classification     IMTN IMTN Rack 15-A 03/28/2025 Raghav Book Private Limited 2242.50 2374 1 346.73 TAP 33873 07/12/2025 07/02/2025 33 02/14/2025 Books Dr. Mantha Raghu (Head Librarian)
Designed & Maintained by: LRC IMT Nagpur Contact: lrc@imtnag.ac.in© 2024. All Rights Reserved.